000 00645nam a2200229 i 4500
001 105875
003 ES-MaACL
005 20250911062650.0
007 t|
008 030912s1953 sp ||||1| spa d
080 _a821.134.2-31"19"
100 1 _aDelibes, Miguel,
_d1920-2010
_9233557
245 1 0 _aMi idolatrado hijo Sisí /
_cMiguel Delibes.
250 _a1ª ed.
260 _aBarcelona :
_bDestino,
_c1953.
300 _a296 p. ;
_c19 cm.
490 1 _aAncora y delfín ;
_v87
500 _aBiblioteca Juan Andrade.
830 0 0 _aÁncora y Delfín
_v87
_9151298
852 _aES-MaACL
_jAND-691
_bR.109987
999 _c105875
_d105875